[Event "Praha"]
[Site "?"]
[Date "2023.01.06"]
[Round "1.1"]
[White "Bystrickiy, Daniil"]
[Black "Chen, Qi b"]
[Result "0-1"]
[BlackElo "2484"]
[WhiteElo "1952"]
[LiveChessVersion "1.4.8"]

1. d4 {[%clk 1:30:55]} Nf6 {[%clk 1:30:55]} 2. Bg5 {[%clk 1:31:18]} d5
{[%clk 1:31:04]} 3. Nd2 {[%clk 1:31:33]} c5 {[%clk 1:30:35]} 4. e3
{[%clk 1:31:50]} Nc6 {[%clk 1:24:57]} 5. Ngf3 {[%clk 1:30:52]} cxd4
{[%clk 1:24:03]} 6. exd4 {[%clk 1:31:13]} Qb6 {[%clk 1:24:15]} 7. Nb3
{[%clk 1:23:44]} Ne4 {[%clk 1:20:37]} 8. Bd3 {[%clk 1:22:06]} Bg4
{[%clk 1:16:18]} 9. Qc1 {[%clk 1:19:12]} Rc8 {[%clk 1:07:52]} 10. c3
{[%clk 0:20:38]} e6 {[%clk 0:58:11]} 11. Qe3 {[%clk 0:21:06]} Bxf3
{[%clk 0:58:36]} 12. gxf3 {[%clk 0:21:29]} Nxg5 {[%clk 0:58:58]} 13. Qxg5
{[%clk 0:21:45]} a5 {[%clk 0:55:09]} 14. Rb1 {[%clk 0:19:52]} g6 {[%clk 0:55:28]}
15. Qf6 Rg8 16. Qf4 {[%clk 0:18:43]} h5 {[%clk 0:53:14]} 17. Qe3 {[%clk 0:14:47]}
Bd6 {[%clk 0:52:05]} 18. Nc5 {[%clk 0:14:08]} Qc7 {[%clk 0:51:37]} 19. Bb5
{[%clk 0:14:20]} Bf4 {[%clk 0:48:38]} 20. Qe2 {[%clk 0:14:27]} Kf8
{[%clk 0:48:48]} 21. b4 {[%clk 0:13:41]} b6 {[%clk 0:44:09]} 22. Nd3
{[%clk 0:11:57]} Bd6 {[%clk 0:44:02]} 23. Ba6 {[%clk 0:09:28]} Ra8
{[%clk 0:43:34]} 24. b5 {[%clk 0:03:05]} Nb8 {[%clk 0:39:03]} 25. Kd2
{[%clk 0:02:26]} Nd7 {[%clk 0:36:25]} 26. Qe3 {[%clk 0:02:29]} Kg7
{[%clk 0:36:49]} 27. f4 {[%clk 0:02:49]} Nf6 {[%clk 0:32:27]} 28. f3
{[%clk 0:03:10]} Ne8 {[%clk 0:32:39]} 29. Rhg1 {[%clk 0:02:48]} Kh7
{[%clk 0:32:38]} 30. Ne5 {[%clk 0:01:49]} Ng7 {[%clk 0:32:35]} 31. Rg5
{[%clk 0:01:39]} Nf5 {[%clk 0:32:54]} 32. Qe2 {[%clk 0:00:59]} f6
{[%clk 0:33:15]} 33. Rxg6 {[%clk 0:01:21]} Rxg6 {[%clk 0:32:58]} 34. Nxg6
{[%clk 0:01:49]} Kxg6 {[%clk 0:32:56]} 35. Qxe6 {[%clk 0:02:04]} Bxf4+
{[%clk 0:33:20]} 0-1

[Event "Praha"]
[Site "?"]
[Date "2023.01.06"]
[Round "1.2"]
[White "Baumegger, Siegfried"]
[Black "Smilek, Petr"]
[Result "1-0"]
[BlackElo "1950"]
[WhiteElo "2439"]
[LiveChessVersion "1.4.8"]

1. d4 {[%clk 1:30:54]} Nf6 {[%clk 1:30:45]} 2. c4 {[%clk 1:31:14]} c5
{[%clk 1:30:07]} 3. d5 {[%clk 1:31:33]} b5 {[%clk 1:30:31]} 4. Nf3
{[%clk 1:31:01]} g6 {[%clk 1:29:01]} 5. cxb5 {[%clk 1:31:15]} a6 {[%clk 1:29:19]}
6. b6 {[%clk 1:31:40]} d6 {[%clk 1:29:19]} 7. Nc3 {[%clk 1:32:01]} Bg7
{[%clk 1:28:57]} 8. e4 {[%clk 1:32:19]} Qxb6 {[%clk 1:24:40]} 9. Be2
{[%clk 1:32:24]} O-O {[%clk 1:24:41]} 10. Nd2 {[%clk 1:31:18]} Nbd7
{[%clk 1:20:33]} 11. Nc4 {[%clk 1:27:47]} Qa7 {[%clk 1:20:52]} 12. O-O
{[%clk 1:14:08]} Nb6 {[%clk 1:09:46]} 13. Ne3 {[%clk 1:13:37]} Rb8
{[%clk 1:06:08]} 14. a4 {[%clk 1:11:01]} Nbd7 {[%clk 0:55:55]} 15. Nc4
{[%clk 1:07:58]} Rb4 {[%clk 0:49:12]} 16. a5 {[%clk 1:06:00]} Ne8
{[%clk 0:48:43]} 17. Na4 {[%clk 1:03:19]} Nc7 {[%clk 0:45:17]} 18. Nab6
{[%clk 0:53:34]} Nxb6 {[%clk 0:38:54]} 19. axb6 {[%clk 0:53:28]} Rxb6
{[%clk 0:39:18]} 20. Nxb6 {[%clk 0:53:40]} Qxb6 {[%clk 0:39:43]} 21. Rb1
{[%clk 0:27:55]} e6 {[%clk 0:30:11]} 22. dxe6 {[%clk 0:25:19]} fxe6
{[%clk 0:30:30]} 23. Be3 {[%clk 0:22:02]} a5 {[%clk 0:25:30]} 24. Qc2
{[%clk 0:15:29]} Nb5 {[%clk 0:21:12]} 25. Bxb5 {[%clk 0:15:37]} Qxb5
{[%clk 0:21:35]} 26. Rfd1 {[%clk 0:14:54]} Qb6 {[%clk 0:17:55]} 27. Qd2
{[%clk 0:13:18]} Rd8 {[%clk 0:16:41]} 28. Ra1 {[%clk 0:08:21]} Qb4
{[%clk 0:12:12]} 29. Rxa5 {[%clk 0:05:19]} Qxe4 {[%clk 0:09:07]} 30. Rxc5
{[%clk 0:05:42]} Bb7 {[%clk 0:09:01]} 31. f3 {[%clk 0:05:44]} Qa4
{[%clk 0:08:22]} 32. Rc7 {[%clk 0:05:27]} Bd5 {[%clk 0:05:55]} 33. Rdc1
{[%clk 0:03:23]} Be5 {[%clk 0:04:26]} 34. b4 {[%clk 0:03:21]} Qe8
{[%clk 0:03:50]} 35. Bd4 {[%clk 0:02:38]} Qf8 {[%clk 0:02:08]} 36. Bxe5
{[%clk 0:02:42]} dxe5 {[%clk 0:02:34]} 37. Qe3 {[%clk 0:01:51]} Qd6
{[%clk 0:02:12]} 38. Qh6 {[%clk 0:01:08]} Rd7 {[%clk 0:01:24]} 39. Rc8+
{[%clk 0:01:33]} Rd8 {[%clk 0:00:55]} 40. R1c7 {[%clk 0:01:06]} Qb6+
{[%clk 0:00:46]} 41. Kh1 {[%clk 0:00:58]} 1-0

[Event "Praha"]
[Site "?"]
[Date "2023.01.06"]
[Round "1.3"]
[White "Zelezny, Jan"]
[Black "Mitusov, Semen"]
[Result "0-1"]
[BlackElo "2397"]
[WhiteElo "1949"]
[LiveChessVersion "1.4.8"]

1. e4 {[%clk 1:30:57]} e5 {[%clk 1:30:11]} 2. Nf3 {[%clk 1:31:22]} Nc6
{[%clk 1:30:38]} 3. Bc4 {[%clk 1:31:47]} Bc5 {[%clk 1:30:33]} 4. O-O
{[%clk 1:32:07]} Nf6 {[%clk 1:29:49]} 5. d4 {[%clk 1:32:32]} Bxd4
{[%clk 1:29:56]} 6. Nxd4 {[%clk 1:32:57]} Nxd4 {[%clk 1:30:21]} 7. Bg5
{[%clk 1:33:22]} h6 {[%clk 1:28:22]} 8. Bh4 {[%clk 1:33:46]} Qe7 {[%clk 1:27:35]}
9. f4 {[%clk 1:30:01]} Qc5 {[%clk 1:27:51]} 10. Bxf7+ {[%clk 1:22:08]} Kxf7
{[%clk 1:27:47]} 11. fxe5 {[%clk 1:22:24]} Nf3+ {[%clk 1:25:31]} 12. Kh1
{[%clk 1:22:47]} Nxh4 {[%clk 1:24:10]} 13. Qh5+ {[%clk 1:01:25]} Kg8
{[%clk 1:19:28]} 14. Rxf6 {[%clk 0:45:06]} gxf6 {[%clk 1:19:35]} 15. Qxh4
{[%clk 0:37:21]} Qxe5 {[%clk 1:17:50]} 16. Nc3 {[%clk 0:37:05]} c6
{[%clk 1:17:01]} 17. Rf1 {[%clk 0:37:22]} Qg5 {[%clk 1:16:30]} 18. Qe1
{[%clk 0:33:25]} d6 {[%clk 1:16:30]} 19. e5 {[%clk 0:32:26]} Qxe5
{[%clk 1:15:15]} 20. Ne4 {[%clk 0:32:51]} Bf5 {[%clk 1:14:39]} 0-1

[Event "Praha"]
[Site "?"]
[Date "2023.01.06"]
[Round "1.4"]
[White "Neuman, Petr"]
[Black "Scott, Luke"]
[Result "1-0"]
[BlackElo "1948"]
[WhiteElo "2393"]
[LiveChessVersion "1.4.8"]

1. e4 {[%clk 1:30:57]} c5 {[%clk 1:30:57]} 2. Nc3 {[%clk 1:31:22]} d6
{[%clk 1:31:19]} 3. d4 {[%clk 1:31:25]} cxd4 {[%clk 1:30:14]} 4. Qxd4
{[%clk 1:31:50]} Nc6 {[%clk 1:30:06]} 5. Bb5 {[%clk 1:31:57]} Bd7
{[%clk 1:30:13]} 6. Bxc6 {[%clk 1:32:22]} Bxc6 {[%clk 1:30:26]} 7. Bg5
{[%clk 1:31:59]} h6 {[%clk 1:20:04]} 8. Be3 {[%clk 1:32:16]} e5 {[%clk 1:20:08]}
9. Qd3 {[%clk 1:32:35]} Nf6 {[%clk 1:20:32]} 10. O-O-O {[%clk 1:32:33]} Qa5
{[%clk 1:16:18]} 11. Kb1 {[%clk 1:31:29]} Be7 {[%clk 1:09:11]} 12. Nge2
{[%clk 1:31:45]} O-O {[%clk 1:08:25]} 13. Ng3 {[%clk 1:30:10]} Rfd8
{[%clk 1:05:43]} 14. Nf5 {[%clk 1:29:06]} Bf8 {[%clk 1:06:09]} 15. Nd5
{[%clk 1:26:59]} Bxd5 {[%clk 1:06:00]} 16. exd5 {[%clk 1:27:22]} Rac8
{[%clk 0:57:25]} 17. f3 {[%clk 1:27:38]} Rc7 {[%clk 0:55:36]} 18. g4
{[%clk 1:26:49]} Rdc8 {[%clk 0:55:56]} 19. c3 {[%clk 1:26:04]} b5
{[%clk 0:50:24]} 20. Rc1 {[%clk 1:24:34]} Nd7 {[%clk 0:43:56]} 21. Rhg1
{[%clk 1:22:26]} Rc4 {[%clk 0:40:33]} 22. g5 {[%clk 1:20:43]} h5 {[%clk 0:40:36]}
23. g6 {[%clk 1:20:48]} f6 {[%clk 0:40:35]} 24. Nh6+ {[%clk 1:15:47]} gxh6
{[%clk 0:30:00]} 25. g7 {[%clk 1:16:12]} Be7 {[%clk 0:30:24]} 26. Qf5
{[%clk 1:16:33]} 1-0

[Event "Praha"]
[Site "?"]
[Date "2023.01.06"]
[Round "1.5"]
[White "Nesse, David"]
[Black "Carlsson, Ludvig"]
[Result "0-1"]
[BlackElo "2349"]
[WhiteElo "1947"]
[LiveChessVersion "1.4.8"]

1. Nf3 {[%clk 1:30:53]} f5 {[%clk 1:29:59]} 2. g3 {[%clk 1:29:09]} g6
{[%clk 1:27:27]} 3. Bg2 {[%clk 1:27:26]} Bg7 {[%clk 1:27:50]} 4. O-O
{[%clk 1:23:32]} e5 {[%clk 1:27:44]} 5. d4 {[%clk 1:20:45]} e4 {[%clk 1:26:36]}
6. Ng5 {[%clk 1:20:46]} d5 {[%clk 1:22:04]} 7. f3 {[%clk 1:16:56]} Nf6
{[%clk 1:11:40]} 8. fxe4 {[%clk 1:13:39]} Nxe4 {[%clk 1:07:46]} 9. Nxe4
{[%clk 1:09:24]} dxe4 {[%clk 1:08:03]} 10. c3 {[%clk 1:09:10]} Be6
{[%clk 1:08:19]} 11. g4 {[%clk 1:05:04]} O-O {[%clk 1:07:18]} 12. gxf5
{[%clk 1:03:10]} gxf5 {[%clk 1:07:39]} 13. Bf4 {[%clk 1:02:38]} Nc6
{[%clk 1:04:04]} 14. Nd2 {[%clk 0:56:46]} Ne7 {[%clk 1:00:02]} 15. e3
{[%clk 0:51:08]} Nd5 {[%clk 0:59:42]} 16. Qh5 {[%clk 0:50:42]} Qe8
{[%clk 0:59:03]} 17. Qh4 {[%clk 0:43:51]} Qg6 {[%clk 0:54:23]} 18. Kh1
{[%clk 0:37:32]} Bf6 {[%clk 0:54:25]} 19. Qf2 {[%clk 0:34:14]} Nxf4
{[%clk 0:53:48]} 20. exf4 {[%clk 0:33:45]} Kh8 {[%clk 0:53:54]} 21. Rg1
{[%clk 0:26:24]} Qh6 {[%clk 0:53:41]} 22. Bf1 {[%clk 0:22:05]} Bh4
{[%clk 0:46:34]} 23. Qe3 {[%clk 0:21:47]} Bd5 {[%clk 0:46:58]} 24. Bc4
{[%clk 0:20:37]} Bf2 {[%clk 0:45:35]} 25. Qe2 {[%clk 0:19:57]} Bxc4
{[%clk 0:45:39]} 26. Qxf2 {[%clk 0:19:30]} e3 {[%clk 0:45:57]} 27. Qxe3
{[%clk 0:18:47]} Bd5+ {[%clk 0:45:18]} 28. Nf3 {[%clk 0:19:07]} Rae8
{[%clk 0:45:39]} 29. Qf2 {[%clk 0:15:37]} Qxf4 {[%clk 0:46:01]} 30. Raf1
{[%clk 0:15:29]} Re3 {[%clk 0:46:10]} 31. Rg3 {[%clk 0:15:07]} Rg8
{[%clk 0:41:19]} 32. Rh3 {[%clk 0:11:15]} b5 {[%clk 0:41:39]} 33. b3
{[%clk 0:07:50]} Rxc3 {[%clk 0:41:32]} 34. Qe2 {[%clk 0:03:59]} Re3
{[%clk 0:41:50]} 35. Qd1 {[%clk 0:04:24]} b4 {[%clk 0:41:12]} 36. Rf2
{[%clk 0:04:30]} Rg7 {[%clk 0:40:38]} 37. Rf1 {[%clk 0:03:46]} a5
{[%clk 0:40:38]} 38. Rf2 {[%clk 0:03:42]} Qxd4 {[%clk 0:40:10]} 39. Qc1
{[%clk 0:00:52]} c6 {[%clk 0:39:45]} 40. Rf1 {[%clk 0:00:37]} Qg4
{[%clk 0:38:56]} 41. Qd2 {[%clk 0:26:11]} Qxh3 {[%clk 1:07:56]} 0-1

[Event "Praha"]
[Site "?"]
[Date "2023.01.06"]
[Round "1.6"]
[White "Bochnicka, Vladimir"]
[Black "Novak, Josef Jan"]
[Result "1-0"]
[BlackElo "1943"]
[WhiteElo "2345"]
[LiveChessVersion "1.4.8"]

1. e4 {[%clk 1:30:57]} e6 {[%clk 1:30:51]} 2. d4 {[%clk 1:31:15]} d5
{[%clk 1:31:13]} 3. Nd2 {[%clk 1:31:29]} a6 {[%clk 1:31:36]} 4. Bd3
{[%clk 1:30:43]} c5 {[%clk 1:31:39]} 5. c3 {[%clk 1:28:46]} Nc6 {[%clk 1:31:43]}
6. Ngf3 {[%clk 1:28:49]} Nf6 {[%clk 1:28:17]} 7. e5 {[%clk 1:27:43]} Nd7
{[%clk 1:28:38]} 8. O-O {[%clk 1:27:22]} Be7 {[%clk 1:26:34]} 9. Re1
{[%clk 1:25:21]} Qb6 {[%clk 1:25:26]} 10. Nf1 {[%clk 1:16:27]} cxd4
{[%clk 1:20:22]} 11. cxd4 {[%clk 1:15:37]} Nxd4 {[%clk 1:07:25]} 12. Ng3
{[%clk 1:13:54]} Nxf3+ {[%clk 1:06:37]} 13. Qxf3 {[%clk 1:14:12]} Qd4
{[%clk 0:57:51]} 14. Bf4 {[%clk 1:06:52]} g5 {[%clk 0:54:01]} 15. Bd2
{[%clk 0:57:00]} Nxe5 {[%clk 0:49:28]} 16. Rxe5 {[%clk 0:52:46]} Qxe5
{[%clk 0:49:30]} 17. Re1 {[%clk 0:52:36]} Qf6 {[%clk 0:33:17]} 18. Qe3
{[%clk 0:49:26]} h5 {[%clk 0:10:37]} 19. Bc3 {[%clk 0:48:27]} Qh6
{[%clk 0:08:22]} 20. Nf5 {[%clk 0:48:37]} Qf8 {[%clk 0:08:13]} 21. Nxe7
{[%clk 0:48:31]} Qxe7 {[%clk 0:05:19]} 22. Bxh8 {[%clk 0:48:43]} f6
{[%clk 0:05:18]} 23. Qf3 {[%clk 0:48:38]} 1-0

[Event "Praha"]
[Site "?"]
[Date "2023.01.06"]
[Round "1.7"]
[White "Rogers, Tim L"]
[Black "Schmidt-Schaeffer, Sebastian"]
[Result "0-1"]
[BlackElo "2340"]
[WhiteElo "1942"]
[LiveChessVersion "1.4.8"]

1. e4 {[%clk 1:30:56]} d6 {[%clk 1:30:36]} 2. d4 {[%clk 1:31:15]} Nf6
{[%clk 1:31:00]} 3. Nc3 {[%clk 1:31:40]} e5 {[%clk 1:31:24]} 4. dxe5
{[%clk 1:29:44]} dxe5 {[%clk 1:31:47]} 5. Qxd8+ {[%clk 1:30:09]} Kxd8
{[%clk 1:32:12]} 6. Bg5 {[%clk 1:30:20]} Be6 {[%clk 1:28:58]} 7. O-O-O+
{[%clk 1:29:38]} Nbd7 {[%clk 1:27:06]} 8. f4 {[%clk 1:28:35]} exf4
{[%clk 1:25:10]} 9. Nf3 {[%clk 1:28:15]} Bc5 {[%clk 1:12:20]} 10. e5
{[%clk 1:24:00]} h6 {[%clk 1:07:21]} 11. Bh4 {[%clk 1:23:38]} g5 {[%clk 1:06:49]}
12. Nxg5 {[%clk 1:23:55]} hxg5 {[%clk 1:06:01]} 13. Bxg5 {[%clk 1:24:18]} Rg8
{[%clk 0:33:35]} 14. Bxf6+ {[%clk 1:22:02]} Kc8 {[%clk 0:33:17]} 15. Nd5
{[%clk 0:50:53]} Bxd5 {[%clk 0:15:32]} 16. Rxd5 {[%clk 0:50:34]} c6
{[%clk 0:14:06]} 17. Rxc5 {[%clk 0:29:53]} Nxc5 {[%clk 0:14:30]} 18. Bc4
{[%clk 0:30:16]} Rxg2 {[%clk 0:11:48]} 19. Bxf7 {[%clk 0:29:54]} f3
{[%clk 0:10:57]} 20. e6 {[%clk 0:25:17]} f2 {[%clk 0:04:10]} 21. Bd4
{[%clk 0:25:27]} Ne4 {[%clk 0:04:20]} 22. Rf1 {[%clk 0:19:12]} Kd8
{[%clk 0:03:11]} 23. h4 {[%clk 0:16:49]} Ke7 {[%clk 0:02:45]} 24. h5
{[%clk 0:14:46]} Rd8 {[%clk 0:02:56]} 25. Be3 {[%clk 0:15:00]} Rg3
{[%clk 0:02:12]} 0-1

[Event "Praha"]
[Site "?"]
[Date "2023.01.06"]
[Round "1.8"]
[White "Elmi, Saad Abobaker"]
[Black "Zemlicka, Vit"]
[Result "1-0"]
[BlackElo "1941"]
[WhiteElo "2326"]
[LiveChessVersion "1.4.8"]

1. e4 {[%clk 1:30:50]} g6 {[%clk 1:30:54]} 2. d4 {[%clk 1:31:08]} Bg7
{[%clk 1:31:19]} 3. Nc3 {[%clk 1:31:28]} d6 {[%clk 1:31:39]} 4. f4
{[%clk 1:30:35]} Nf6 {[%clk 1:30:55]} 5. Nf3 {[%clk 1:30:48]} O-O
{[%clk 1:30:57]} 6. Bd3 {[%clk 1:27:40]} Nc6 {[%clk 1:30:25]} 7. e5
{[%clk 1:22:52]} dxe5 {[%clk 1:27:01]} 8. fxe5 {[%clk 1:22:06]} Nh5
{[%clk 1:17:58]} 9. Be4 {[%clk 1:16:19]} f6 {[%clk 1:06:15]} 10. Bd5+
{[%clk 1:10:04]} e6 {[%clk 0:55:46]} 11. Bxc6 {[%clk 1:09:58]} bxc6
{[%clk 0:56:08]} 12. exf6 {[%clk 1:10:11]} Nxf6 {[%clk 0:51:52]} 13. Qe2
{[%clk 1:04:59]} Qd6 {[%clk 0:41:55]} 14. Bg5 {[%clk 0:41:01]} Rb8
{[%clk 0:33:57]} 15. b3 {[%clk 0:37:21]} Qb4 {[%clk 0:23:46]} 16. Bd2
{[%clk 0:37:17]} Qd6 {[%clk 0:21:59]} 17. Na4 {[%clk 0:32:28]} Nd7
{[%clk 0:17:12]} 18. Be3 {[%clk 0:21:37]} e5 {[%clk 0:13:53]} 19. Qc4+
{[%clk 0:19:15]} Qd5 {[%clk 0:11:19]} 20. Qxd5+ {[%clk 0:19:25]} cxd5
{[%clk 0:11:48]} 21. dxe5 {[%clk 0:19:37]} Nxe5 {[%clk 0:11:44]} 22. Nxe5
{[%clk 0:20:00]} Bxe5 {[%clk 0:12:00]} 23. O-O-O {[%clk 0:20:12]} c6
{[%clk 0:10:07]} 24. Bxa7 {[%clk 0:20:17]} Ra8 {[%clk 0:09:34]} 25. Bd4
{[%clk 0:19:33]} Bf4+ {[%clk 0:07:12]} 26. Kb2 {[%clk 0:19:17]} Bg4
{[%clk 0:06:24]} 27. Rde1 {[%clk 0:19:30]} Rfe8 {[%clk 0:06:01]} 28. Nc5
{[%clk 0:17:58]} Bd2 {[%clk 0:05:32]} 29. Rxe8+ {[%clk 0:16:25]} Rxe8
{[%clk 0:06:00]} 30. Rf1 {[%clk 0:15:26]} Bf5 {[%clk 0:04:32]} 31. a4
{[%clk 0:13:17]} Bb4 {[%clk 0:04:17]} 32. Rf2 {[%clk 0:08:26]} Be1
{[%clk 0:04:17]} 33. Rf3 {[%clk 0:07:41]} Re2 {[%clk 0:04:33]} 34. Nd3
{[%clk 0:07:49]} Ba5 {[%clk 0:02:45]} 35. Bc5 {[%clk 0:02:12]} Rxg2
{[%clk 0:01:39]} 36. b4 {[%clk 0:02:36]} Bc7 {[%clk 0:00:48]} 37. a5
{[%clk 0:02:43]} Bb8 {[%clk 0:00:33]} 38. a6 {[%clk 0:01:29]} Rxh2
{[%clk 0:00:50]} 39. Bd6 {[%clk 0:00:59]} 1-0

[Event "Praha"]
[Site "?"]
[Date "2023.01.06"]
[Round "1.9"]
[White "Shreyas, Seshadri Nallore"]
[Black "Kulhanek, Tomas"]
[Result "1/2-1/2"]
[BlackElo "2320"]
[WhiteElo "1934"]
[LiveChessVersion "1.4.8"]

1. e4 {[%clk 1:30:55]} e6 {[%clk 1:30:52]} 2. d4 {[%clk 1:31:15]} d5
{[%clk 1:31:17]} 3. exd5 {[%clk 1:31:31]} exd5 {[%clk 1:31:43]} 4. Bd3
{[%clk 1:31:50]} c5 {[%clk 1:31:20]} 5. dxc5 {[%clk 1:31:56]} Bxc5
{[%clk 1:31:23]} 6. Nf3 {[%clk 1:32:17]} Nf6 {[%clk 1:31:20]} 7. O-O
{[%clk 1:30:58]} O-O {[%clk 1:31:26]} 8. Bg5 {[%clk 1:29:58]} h6 {[%clk 1:31:23]}
9. Bh4 {[%clk 1:26:36]} g5 {[%clk 1:28:46]} 10. Bg3 {[%clk 1:22:17]} Ne4
{[%clk 1:28:19]} 11. c4 {[%clk 1:11:02]} Nxg3 {[%clk 1:22:33]} 12. hxg3
{[%clk 1:10:07]} dxc4 {[%clk 1:14:11]} 13. Bxc4 {[%clk 1:10:01]} Qxd1
{[%clk 1:13:12]} 14. Rxd1 {[%clk 1:10:20]} Nc6 {[%clk 1:13:34]} 15. Nc3
{[%clk 1:05:04]} Kg7 {[%clk 1:08:09]} 16. Rac1 {[%clk 0:59:32]} Bg4
{[%clk 1:05:52]} 17. Bd5 {[%clk 0:50:08]} Rad8 {[%clk 0:55:47]} 18. Bxc6
{[%clk 0:41:08]} bxc6 {[%clk 0:55:30]} 19. Rxd8 {[%clk 0:37:33]} Rxd8
{[%clk 0:55:33]} 20. Ne5 {[%clk 0:36:18]} Bf5 {[%clk 0:46:06]} 21. Na4
{[%clk 0:28:55]} Be7 {[%clk 0:40:48]} 22. Nxc6 {[%clk 0:25:06]} Rc8
{[%clk 0:41:01]} 23. Re1 {[%clk 0:15:40]} Bf6 {[%clk 0:35:25]} 24. Ne7
{[%clk 0:14:56]} Bxe7 {[%clk 0:34:54]} 25. Rxe7 {[%clk 0:15:15]} Rc1+
{[%clk 0:33:59]} 26. Kh2 {[%clk 0:15:22]} Rc2 {[%clk 0:34:10]} 27. Kg1
{[%clk 0:11:14]} a6 {[%clk 0:32:33]} 28. Rb7 {[%clk 0:08:05]} Rc1+
{[%clk 0:30:54]} 29. Kh2 {[%clk 0:08:26]} Rc2 {[%clk 0:31:17]} 30. Kg1
{[%clk 0:07:49]} Rc1+ {[%clk 0:31:40]} 31. Kh2 {[%clk 0:08:15]} Rc2
{[%clk 0:32:06]} 1/2-1/2

[Event "Praha"]
[Site "?"]
[Date "2023.01.06"]
[Round "1.10"]
[White "Ivanov, Mike"]
[Black "Kucera, Tomas"]
[Result "1-0"]
[BlackElo "1933"]
[WhiteElo "2319"]
[LiveChessVersion "1.4.8"]

1. e4 {[%clk 1:30:58]} e6 {[%clk 1:30:57]} 2. d4 {[%clk 1:31:12]} d5
{[%clk 1:31:24]} 3. e5 {[%clk 1:30:35]} c5 {[%clk 1:31:52]} 4. c3
{[%clk 1:31:00]} Nc6 {[%clk 1:32:20]} 5. Nf3 {[%clk 1:31:25]} Qb6
{[%clk 1:32:34]} 6. Bd3 {[%clk 1:31:46]} cxd4 {[%clk 1:32:29]} 7. O-O
{[%clk 1:32:07]} Bd7 {[%clk 1:32:10]} 8. Re1 {[%clk 1:32:19]} Nge7
{[%clk 1:28:31]} 9. h4 {[%clk 1:32:34]} a6 {[%clk 1:24:06]} 10. h5
{[%clk 1:31:21]} h6 {[%clk 1:20:04]} 11. Nbd2 {[%clk 1:19:59]} dxc3
{[%clk 1:14:00]} 12. bxc3 {[%clk 1:20:26]} Na5 {[%clk 1:10:52]} 13. Rb1
{[%clk 1:18:46]} Qc7 {[%clk 1:08:16]} 14. Nb3 {[%clk 1:16:13]} Nec6
{[%clk 1:00:20]} 15. Bf4 {[%clk 1:11:51]} Nxb3 {[%clk 0:55:47]} 16. axb3
{[%clk 1:09:59]} Be7 {[%clk 0:55:48]} 17. Qd2 {[%clk 1:08:15]} Rc8
{[%clk 0:43:36]} 18. Rbc1 {[%clk 1:03:08]} Na5 {[%clk 0:39:56]} 19. Nd4
{[%clk 1:02:33]} Qb6 {[%clk 0:39:26]} 20. Bc2 {[%clk 0:53:49]} Nc6
{[%clk 0:36:59]} 21. Nf3 {[%clk 0:45:43]} Na5 {[%clk 0:36:03]} 22. Be3
{[%clk 0:43:40]} Qc7 {[%clk 0:34:47]} 23. Bd1 {[%clk 0:39:52]} Nc6
{[%clk 0:27:37]} 24. Bf4 {[%clk 0:37:18]} Qb6 {[%clk 0:23:37]} 25. Bc2
{[%clk 0:31:41]} Na5 {[%clk 0:22:46]} 26. Rb1 {[%clk 0:18:46]} Qc7
{[%clk 0:21:30]} 27. Re3 {[%clk 0:19:01]} Bc5 {[%clk 0:19:48]} 28. Nd4
{[%clk 0:16:48]} Nc6 {[%clk 0:17:17]} 29. Rg3 {[%clk 0:12:58]} Bxd4
{[%clk 0:03:15]} 30. cxd4 {[%clk 0:13:19]} Qb6 {[%clk 0:02:27]} 31. Be3
{[%clk 0:12:06]} Kf8 {[%clk 0:02:02]} 32. Qe2 {[%clk 0:10:05]} Nb4
{[%clk 0:01:52]} 33. Qg4 {[%clk 0:10:21]} Rg8 {[%clk 0:00:32]} 34. Bh7
{[%clk 0:10:41]} 1-0

[Event "Praha"]
[Site "?"]
[Date "2023.01.06"]
[Round "1.11"]
[White "Docekalova, Alexandra"]
[Black "Sorm, Daniel"]
[Result "0-1"]
[BlackElo "2302"]
[WhiteElo "1929"]
[LiveChessVersion "1.4.8"]

1. e4 {[%clk 1:30:54]} c5 {[%clk 1:30:33]} 2. Nc3 {[%clk 1:31:18]} e6
{[%clk 1:30:39]} 3. g3 {[%clk 1:30:25]} d5 {[%clk 1:30:53]} 4. exd5
{[%clk 1:24:54]} exd5 {[%clk 1:30:16]} 5. d4 {[%clk 1:24:17]} cxd4
{[%clk 1:28:01]} 6. Qxd4 {[%clk 1:24:18]} Nf6 {[%clk 1:28:00]} 7. Bh3
{[%clk 1:14:43]} Nc6 {[%clk 1:25:53]} 8. Qa4 {[%clk 1:10:33]} d4 {[%clk 1:19:46]}
9. Nb5 {[%clk 1:02:53]} a6 {[%clk 1:06:39]} 10. Bf4 {[%clk 0:58:40]} Bb4+
{[%clk 0:52:36]} 11. c3 {[%clk 0:44:15]} axb5 {[%clk 0:45:53]} 12. Qxa8
{[%clk 0:44:31]} dxc3 {[%clk 0:46:14]} 0-1

[Event "Praha"]
[Site "?"]
[Date "2023.01.06"]
[Round "1.12"]
[White "Tobak, Mikhail"]
[Black "Mikalsen, Harald"]
[Result "1-0"]
[BlackElo "1929"]
[WhiteElo "2297"]
[LiveChessVersion "1.4.8"]

1. e4 {[%clk 1:30:12]} e5 {[%clk 1:30:35]} 2. Nf3 {[%clk 1:28:55]} Nc6
{[%clk 1:30:58]} 3. Bb5 {[%clk 1:29:17]} a6 {[%clk 1:30:46]} 4. Ba4
{[%clk 1:29:41]} Be7 {[%clk 1:30:00]} 5. d4 {[%clk 1:28:13]} b5 {[%clk 1:24:14]}
6. Bb3 {[%clk 1:28:31]} d6 {[%clk 1:24:14]} 7. dxe5 {[%clk 1:25:30]} Nxe5
{[%clk 1:21:57]} 8. Nxe5 {[%clk 1:25:17]} dxe5 {[%clk 1:21:48]} 9. Qh5
{[%clk 1:25:26]} g6 {[%clk 1:14:34]} 10. Qxe5 {[%clk 1:25:28]} f6
{[%clk 1:11:09]} 11. Qd5 {[%clk 1:23:33]} Qxd5 {[%clk 1:10:49]} 12. Bxd5
{[%clk 1:23:57]} Rb8 {[%clk 1:10:56]} 13. Bf4 {[%clk 1:23:04]} Bd8
{[%clk 1:10:49]} 14. Nc3 {[%clk 1:20:49]} Ne7 {[%clk 1:10:41]} 15. Bb3
{[%clk 1:19:07]} Rb6 {[%clk 1:06:55]} 16. O-O-O {[%clk 1:16:28]} c5
{[%clk 1:05:52]} 17. Be3 {[%clk 1:07:40]} Rc6 {[%clk 1:01:58]} 18. Bd5
{[%clk 1:07:15]} Nxd5 {[%clk 1:01:12]} 19. exd5 {[%clk 1:07:02]} Rc7
{[%clk 0:58:38]} 20. Bf4 {[%clk 1:04:05]} Rd7 {[%clk 0:50:28]} 21. Ne4
{[%clk 1:03:28]} 1-0

[Event "Praha"]
[Site "?"]
[Date "2023.01.06"]
[Round "1.13"]
[White "Sandstad, Linus"]
[Black "Serrano Salvador, Eduardo"]
[Result "1/2-1/2"]
[BlackElo "2288"]
[WhiteElo "1919"]
[LiveChessVersion "1.4.8"]

1. d4 Nf6 2. c4 d6 3. Nf3 Nbd7 4. Nc3 e5 5. e4 Be7 6. Be2 O-O 7. O-O c6 8. h3 Re8
9. Be3 Qc7 10. d5 h6 11. Qd2 Nf8 12. Rfd1 Ng6 13. Rac1 Nh5 14. c5 Nhf4 15. dxc6
dxc5 16. Bxf4 Nxf4 17. Nd5 Nxd5 18. exd5 Bd6 19. Bb5 b6 20. Qc2 a6 21. Bd3 Qe7
22. Re1 Bc7 23. Rcd1 Qd6 24. Be4 g6 25. Nd2 b5 26. g4 f5 27. gxf5 gxf5 28. Kh2
Ba5 29. Rg1+ Kh8 30. Nb3 Bb6 31. Nd2 Rf8 32. Rg3 c4 33. Rf1 fxe4 34. Nxe4 Qxd5
35. Rfg1 Rf4 36. Rg8+ Qxg8 37. Rxg8+ Kxg8 38. f3 Be6 39. Qg2+ Kh8 40. Qg6 Bf5 41.
Qf6+ Kg8 42. Qxe5 Rxf3 43. Qd5+ Kf8 44. Nd6 Rf2+ 45. Kg3 Ke7 46. Nxf5+ Rxf5 47.
Qxf5 Rg8+ 48. Kh2 Bc7+ 49. Kh1 Rd8 50. Qc5+ Ke6 51. Qa7 Kd6 52. Qxa6 Rb8 53. a4
Rb6 54. Qa8 bxa4 55. Qxa4 Rxc6 56. Kg2 Bb6 57. Qb4+ Kd7 58. Kf3 Bc7 59. Ke4 Bd6
60. Qb5 Kc7 61. Kd5 Rb6 62. Qxc4+ Kb7 63. Qg4 Bc7 64. b4 Rd6+ 65. Kc4 Rc6+ 66.
Kb3 Rb6 67. Qe4+ Kb8 68. Kc4 Rd6 69. Kc5 Rb6 70. Qd5 Ka7 71. b5 Kb8 72. Qd7 Kb7
73. Qe7 Kb8 74. Qe8+ Kb7 75. Qe4+ Kb8 76. Qe8+ Kb7 77. Qe4+ Kb8 78. Qe8+ 1/2-1/2